<?xml version="1.0" encoding="UTF-8"?>
<record
    xmlns:xsi="http://www.w3.org/2001/XMLSchema-instance"
    xsi:schemaLocation="http://www.loc.gov/MARC21/slim http://www.loc.gov/standards/marcxml/schema/MARC21slim.xsd"
    xmlns="http://www.loc.gov/MARC21/slim">

  <leader>00765nam a2200241 a 4500</leader>
  <controlfield tag="001">48754</controlfield>
  <controlfield tag="003">BD-RjUL</controlfield>
  <controlfield tag="005">20211209054559.0</controlfield>
  <controlfield tag="008">160816s1964    ben||||| |||| 00| 0 eng d</controlfield>
  <datafield tag="020" ind1=" " ind2=" ">
    <subfield code="c"> :Tk.2.25</subfield>
  </datafield>
  <datafield tag="035" ind1=" " ind2=" ">
    <subfield code="a">(BD-RjUL)48873</subfield>
  </datafield>
  <datafield tag="040" ind1=" " ind2=" ">
    <subfield code="a">BD-RjUL</subfield>
    <subfield code="b">ben</subfield>
    <subfield code="c">BD-RjUL</subfield>
  </datafield>
  <datafield tag="041" ind1=" " ind2=" ">
    <subfield code="a">ben</subfield>
  </datafield>
  <datafield tag="082" ind1=" " ind2=" ">
    <subfield code="2">23</subfield>
    <subfield code="a">891.442</subfield>
    <subfield code="b">HAF 1964</subfield>
  </datafield>
  <datafield tag="100" ind1="1" ind2=" ">
    <subfield code="a">&#x9B9;&#x995;, &#x986;&#x9AC;&#x9A6;&#x9C1;&#x9B2;</subfield>
    <subfield code="9">147075</subfield>
  </datafield>
  <datafield tag="245" ind1="1" ind2="0">
    <subfield code="a">&#x9AB;&#x9C7;&#x9B0;&#x9A6;&#x9CC;&#x9B8;&#x9C0; /</subfield>
    <subfield code="c"> &#x986;&#x9AC;&#x9A6;&#x9C1;&#x9B2; &#x9B9;&#x995;.</subfield>
  </datafield>
  <datafield tag="250" ind1=" " ind2=" ">
    <subfield code="a">&#x9E7;&#x9AE; &#x9B8;&#x982;.</subfield>
  </datafield>
  <datafield tag="260" ind1=" " ind2=" ">
    <subfield code="a">&#x9A2;&#x9BE;&#x995;&#x9BE; :</subfield>
    <subfield code="b"> &#x9AC;&#x9BE;&#x982;&#x9B2;&#x9BE; &#x98F;&#x995;&#x9BE;&#x9A1;&#x9C7;&#x9AE;&#x9C0;,</subfield>
    <subfield code="c">&#x9E7;&#x9EF;&#x9EC;&#x9EA;.</subfield>
  </datafield>
  <datafield tag="300" ind1=" " ind2=" ">
    <subfield code="a">&#x9E7;&#x9E6;&#x9E8; &#x9AA;&#x9C3; ;</subfield>
    <subfield code="c">&#x9E8;&#x9E8;&#x9B8;&#x9C7;&#x9AE;&#x9BF;</subfield>
  </datafield>
  <datafield tag="650" ind1=" " ind2=" ">
    <subfield code="a">&#x9AC;&#x9BE;&#x982;&#x9B2;&#x9BE; &#x9B8;&#x9BE;&#x9B9;&#x9BF;&#x9A4;&#x9CD;&#x9AF;</subfield>
    <subfield code="v">&#x9A8;&#x9BE;&#x99F;&#x995;</subfield>
    <subfield code="9">147076</subfield>
  </datafield>
  <datafield tag="650" ind1=" " ind2=" ">
    <subfield code="a">Bangali Literature</subfield>
    <subfield code="v">Drama</subfield>
    <subfield code="9">147077</subfield>
  </datafield>
  <datafield tag="942" ind1=" " ind2=" ">
    <subfield code="2">ddc</subfield>
    <subfield code="c">BK</subfield>
  </datafield>
  <datafield tag="999" ind1=" " ind2=" ">
    <subfield code="c">48754</subfield>
    <subfield code="d">48754</subfield>
  </datafield>
  <datafield tag="952" ind1=" " ind2=" ">
    <subfield code="0">0</subfield>
    <subfield code="1">0</subfield>
    <subfield code="2">ddc</subfield>
    <subfield code="4">0</subfield>
    <subfield code="7">0</subfield>
    <subfield code="8">NFIC</subfield>
    <subfield code="a">RUCL</subfield>
    <subfield code="b">RUCL</subfield>
    <subfield code="c">Stack</subfield>
    <subfield code="d">1965-02-10</subfield>
    <subfield code="e">Author</subfield>
    <subfield code="g">2.25</subfield>
    <subfield code="l">0</subfield>
    <subfield code="o">B 891.442 HAF 1964</subfield>
    <subfield code="r">2016-08-16 00:00:00</subfield>
    <subfield code="t">C-2</subfield>
    <subfield code="w">2016-08-16</subfield>
    <subfield code="y">BK</subfield>
  </datafield>
  <datafield tag="952" ind1=" " ind2=" ">
    <subfield code="0">0</subfield>
    <subfield code="1">0</subfield>
    <subfield code="2">ddc</subfield>
    <subfield code="4">0</subfield>
    <subfield code="7">0</subfield>
    <subfield code="8">NFIC</subfield>
    <subfield code="a">RUCL</subfield>
    <subfield code="b">RUCL</subfield>
    <subfield code="c">Stack</subfield>
    <subfield code="d">1967-02-07</subfield>
    <subfield code="e">Nowrage Kitabistan, Dhaka</subfield>
    <subfield code="g">2.25</subfield>
    <subfield code="l">0</subfield>
    <subfield code="o">B 891.442 HAF 1964</subfield>
    <subfield code="r">2016-08-17 00:00:00</subfield>
    <subfield code="t">C-3</subfield>
    <subfield code="w">2016-08-17</subfield>
    <subfield code="y">BK</subfield>
  </datafield>
  <datafield tag="952" ind1=" " ind2=" ">
    <subfield code="0">0</subfield>
    <subfield code="1">0</subfield>
    <subfield code="2">ddc</subfield>
    <subfield code="4">0</subfield>
    <subfield code="7">0</subfield>
    <subfield code="8">NFIC</subfield>
    <subfield code="a">RUCL</subfield>
    <subfield code="b">RUCL</subfield>
    <subfield code="c">Stack</subfield>
    <subfield code="d">1968-07-06</subfield>
    <subfield code="e">Nowrage Kitabistan, Dhaka</subfield>
    <subfield code="g">2.25</subfield>
    <subfield code="l">0</subfield>
    <subfield code="o">B 891.442 HAF 1964</subfield>
    <subfield code="r">2016-08-17 00:00:00</subfield>
    <subfield code="t">C-4</subfield>
    <subfield code="w">2016-08-17</subfield>
    <subfield code="y">BK</subfield>
  </datafield>
  <datafield tag="952" ind1=" " ind2=" ">
    <subfield code="0">0</subfield>
    <subfield code="1">0</subfield>
    <subfield code="2">ddc</subfield>
    <subfield code="4">0</subfield>
    <subfield code="7">0</subfield>
    <subfield code="8">NFIC</subfield>
    <subfield code="a">RUCL</subfield>
    <subfield code="b">RUCL</subfield>
    <subfield code="c">Stack</subfield>
    <subfield code="d">1970-06-25</subfield>
    <subfield code="e">N/A</subfield>
    <subfield code="g">0.00</subfield>
    <subfield code="l">0</subfield>
    <subfield code="o">B 891.442 HAF 1964</subfield>
    <subfield code="r">2016-11-27 00:00:00</subfield>
    <subfield code="t">C-5</subfield>
    <subfield code="w">2016-11-27</subfield>
    <subfield code="y">BK</subfield>
  </datafield>
  <datafield tag="952" ind1=" " ind2=" ">
    <subfield code="0">0</subfield>
    <subfield code="1">0</subfield>
    <subfield code="2">ddc</subfield>
    <subfield code="4">0</subfield>
    <subfield code="7">0</subfield>
    <subfield code="8">NFIC</subfield>
    <subfield code="a">RUCL</subfield>
    <subfield code="b">RUCL</subfield>
    <subfield code="c">Stack</subfield>
    <subfield code="d">1967-02-07</subfield>
    <subfield code="e">Nowroze kitobistan, Dhaka</subfield>
    <subfield code="g">2.25</subfield>
    <subfield code="l">0</subfield>
    <subfield code="o">B 891.442 HAF 1964</subfield>
    <subfield code="r">2016-11-28 00:00:00</subfield>
    <subfield code="t">C-6</subfield>
    <subfield code="w">2021-12-09</subfield>
    <subfield code="y">BK</subfield>
  </datafield>
  <datafield tag="952" ind1=" " ind2=" ">
    <subfield code="0">0</subfield>
    <subfield code="1">0</subfield>
    <subfield code="2">ddc</subfield>
    <subfield code="4">0</subfield>
    <subfield code="7">0</subfield>
    <subfield code="8">NFIC</subfield>
    <subfield code="a">RUCL</subfield>
    <subfield code="b">RUCL</subfield>
    <subfield code="c">Stack</subfield>
    <subfield code="d">1958-07-06</subfield>
    <subfield code="e">Nawroge kitabstan, Dhaka</subfield>
    <subfield code="g">2.25</subfield>
    <subfield code="l">0</subfield>
    <subfield code="o">B 891.442 HAF 1964</subfield>
    <subfield code="r">2016-11-29 00:00:00</subfield>
    <subfield code="t">C-7</subfield>
    <subfield code="w">2016-11-29</subfield>
    <subfield code="y">BK</subfield>
  </datafield>
  <datafield tag="952" ind1=" " ind2=" ">
    <subfield code="0">0</subfield>
    <subfield code="1">0</subfield>
    <subfield code="2">ddc</subfield>
    <subfield code="4">0</subfield>
    <subfield code="7">1</subfield>
    <subfield code="8">NFIC</subfield>
    <subfield code="a">RUCL</subfield>
    <subfield code="b">RUCL</subfield>
    <subfield code="c">Reading</subfield>
    <subfield code="d">1970-06-25</subfield>
    <subfield code="e">Nowroze kitobistan, Dhaka</subfield>
    <subfield code="g">2.25</subfield>
    <subfield code="l">0</subfield>
    <subfield code="o">B 891.442 HAF 1964</subfield>
    <subfield code="r">2024-05-13 00:00:00</subfield>
    <subfield code="t">C-1</subfield>
    <subfield code="w">2024-05-13</subfield>
    <subfield code="y">BK</subfield>
  </datafield>
</record>
